[Event "LTU-chT"]
[Site "Lithuania"]
[Date "2012.03.03"]
[Round "6"]
[White "Rimeikis, Andrius"]
[Black "Vaznonis, Donatas"]
[Result "0-1"]
[WhiteElo "2065"]
[BlackElo "2035"]
[PlyCount "68"]
[EventDate "2012.01.21"]
[EventType "team-swiss"]
[EventRounds "7"]
[EventCountry "LTU"]
[SourceTitle "EXT 2013"]
[Source "ChessBase"]
[SourceDate "2012.11.22"]
[SourceVersion "1"]
[SourceVersionDate "2012.11.22"]
[SourceQuality "1"]
[WhiteTeam "Plunge Bokstas"]
[BlackTeam "Kaunas AG"]
[WhiteTeamCountry "LTU"]
[BlackTeamCountry "LTU"]

1. e4 e6 2. d4 d5 3. Nd2 Nf6 4. e5 Nfd7 5. Bd3 c5 6. c3 Nc6 7. Ne2 cxd4 8. cxd4 f6 9. exf6 Nxf6 10. 0-0 Bd6 11. Nf3 0-0 12. Bg5 Qc7 13. Qc2 Nb4 14. Qxc7 Bxc7 15. Bb1 Bd7 16. Nc3 a6 17. Re1 Nc6 18. Bh4 Nh5 19. Bc2 Rxf3 20. gxf3 Nxd4 21. Bd1 Rf8 22. Bg3 Nxg3 23. hxg3 Nxf3+ 24. Bxf3 Rxf3 25. Kg2 Rf6 26. Rad1 Bc6 27. Rd3 Ba5 28. Rd4 Bb6 29. Rd2 d4+ 30. Ne4 Ba5 31. f3 Bxe4 32. Rxe4 Bxd2 33. Rxd4 Ba5 34. b4 Bc7 0-1

[Event "LTU-chT 1011"]
[Site "Lithuania"]
[Date "2011.02.27"]
[Round "9"]
[White "Vaznonis, Donatas"]
[Black "Sumskis, Rimvydas"]
[Result "1-0"]
[WhiteElo "2029"]
[BlackElo "2188"]
[PlyCount "63"]
[EventDate "2010.11.06"]
[EventType "team-tourn"]
[EventRounds "9"]
[EventCountry "LTU"]
[SourceTitle "EXT 2012"]
[Source "ChessBase"]
[SourceDate "2011.11.24"]
[SourceVersion "1"]
[SourceVersionDate "2011.11.24"]
[SourceQuality "1"]

1. d4 Nf6 2. c4 e6 3. g3 d5 4. Bg2 dxc4 5. Nf3 c5 6. 0-0 Nc6 7. Qa4 Bd7 8. Qxc4 cxd4 9. Nxd4 Rc8 10. Nc3 Nxd4 11. Qxd4 Bc5 12. Qh4 Bc6 13. Bg5 Be7 14. Rfd1 Qb6 15. Bxc6+ Qxc6 16. Rac1 0-0 17. Nd5 exd5 18. Rxc6 Rxc6 19. Qa4 Bc5 20. Bxf6 Rxf6 21. e3 h6 22. Rxd5 Bb6 23. Rd7 Rc8 24. Rxb7 g5 25. h4 Kg7 26. hxg5 hxg5 27. Rd7 Rc5 28. Kg2 Rcf5 29. Rd2 Ba5 30. b4 Bb6 31. Qc2 Rb5 32. Qc3 1-0

[Event "LTU-chT 1011"]
[Site "Lithuania"]
[Date "2011.01.09"]
[Round "5"]
[White "Kontrimas, Andrius"]
[Black "Vaznonis, Donatas"]
[Result "0-1"]
[WhiteElo "1822"]
[BlackElo "2029"]
[PlyCount "88"]
[EventDate "2010.11.06"]
[EventType "team-tourn"]
[EventRounds "9"]
[EventCountry "LTU"]
[SourceTitle "EXT 2012"]
[Source "ChessBase"]
[SourceDate "2011.11.24"]
[SourceVersion "1"]
[SourceVersionDate "2011.11.24"]
[SourceQuality "1"]

1. e4 e6 2. d4 d5 3. Nc3 Nf6 4. e5 Nfd7 5. f4 c5 6. Nf3 Nc6 7. Be3 Qb6 8. Qd2 Qxb2 9. Rb1 Qa3 10. Rb3 Qa5 11. Nb5 Qxd2+ 12. Kxd2 c4 13. Rb1 Rb8 14. f5 Be7 15. fxe6 fxe6 16. Ng5 Nf8 17. Nc7+ Kd7 18. Nf7 Rg8 19. Nb5 a6 20. Nbd6 Nd8 21. Bg5 Nxf7 22. Nxf7 Bxg5+ 23. Nxg5 Ke7 24. Be2 h6 25. Nh3 Bd7 26. Rhf1 b5 27. a3 Ng6 28. Nf4 Nxf4 29. Rxf4 Rbf8 30. Rbf1 Rxf4 31. Rxf4 Rf8 32. Rxf8 Kxf8 33. Bh5 Be8 34. Bxe8 Kxe8 35. g4 Kf7 36. h4 Kg6 37. Ke3 h5 38. Kf4 hxg4 39. Kxg4 Kh6 40. c3 g6 41. Kf4 Kh5 42. Kg3 a5 43. Kh3 b4 44. axb4 axb4 0-1

[Event "LTU-chT 1011"]
[Site "Lithuania"]
[Date "2010.11.21"]
[Round "2"]
[White "Vaznonis, Donatas"]
[Black "Narmontas, Raimondas"]
[Result "0-1"]
[WhiteElo "2029"]
[BlackElo "2091"]
[PlyCount "70"]
[EventDate "2010.11.06"]
[EventType "team-tourn"]
[EventRounds "9"]
[EventCountry "LTU"]
[SourceTitle "EXT 2012"]
[Source "ChessBase"]
[SourceDate "2011.11.24"]
[SourceVersion "1"]
[SourceVersionDate "2011.11.24"]
[SourceQuality "1"]

1. Nf3 d6 2. d4 Bg4 3. c4 Nd7 4. d5 e5 5. dxe6 fxe6 6. Nc3 Ngf6 7. h3 Bh5 8. g4 Bg6 9. Bg2 Nc5 10. Be3 Nce4 11. Nd4 Qc8 12. Nxe4 Bxe4 13. Bxe4 Nxe4 14. Qc2 d5 15. cxd5 exd5 16. 0-0-0 Qd7 17. f3 Nd6 18. Nf5 Nc4 19. Bf2 0-0-0 20. e4 Qb5 21. Rxd5 Rxd5 22. exd5 g6 23. a4 Qxd5 24. Rd1 Qc6 25. Kb1 Qxf3 26. Rc1 Qe4 27. Qxe4 Nd2+ 28. Kc2 Nxe4 29. Bd4 Rg8 30. Ne3 Bh6 31. h4 Rd8 32. g5 Bxg5 33. hxg5 Rxd4 34. Rg1 Rxa4 35. Rg4 Rd4 0-1

[Event "LTU-chT 1011"]
[Site "Lithuania"]
[Date "2010.11.20"]
[Round "4"]
[White "Vaznonis, Donatas"]
[Black "Balciunas, Ignas"]
[Result "1/2-1/2"]
[WhiteElo "2029"]
[BlackElo "2027"]
[PlyCount "153"]
[EventDate "2010.11.06"]
[EventType "team-tourn"]
[EventRounds "9"]
[EventCountry "LTU"]
[SourceTitle "EXT 2012"]
[Source "ChessBase"]
[SourceDate "2011.11.24"]
[SourceVersion "1"]
[SourceVersionDate "2011.11.24"]
[SourceQuality "1"]

1. Nf3 Nf6 2. c4 c5 3. Nc3 Nc6 4. g3 e5 5. Bg2 Be7 6. 0-0 0-0 7. d3 d6 8. Bg5 Be6 9. Ne1 h6 10. Bxf6 Bxf6 11. Nc2 Qd7 12. Ne3 g6 13. Ned5 Bg7 14. Rb1 Bh3 15. Ne4 Kh8 16. Bxh3 Qxh3 17. Nxd6 b6 18. e3 Rad8 19. Nb5 Rd7 20. Nbc3 f5 21. f4 g5 22. Qf3 Nd8 23. Qg2 Qh5 24. fxe5 Bxe5 25. g4 Qg6 26. gxf5 Rxf5 27. Rxf5 Qxf5 28. Qe4 Qxe4 29. Nxe4 Ne6 30. b3 Nc7 31. Nxc7 Rxc7 32. Rf1 Kg7 33. Rf5 Re7 34. Kg2 Kg6 35. Rf8 Rd7 36. Nf2 Bg7 37. Rf3 h5 38. h3 Rd8 39. Kf1 Rd7 40. Ke2 Rd8 41. Ne4 Re8 42. Rf1 Re7 43. Rb1 a5 44. a3 Ra7 45. Nd6 Be5 46. Nb5 Ra8 47. d4 Bh2 48. Rh1 Bb8 49. d5 Be5 50. a4 g4 51. hxg4 hxg4 52. d6 Rd8 53. Rd1 Kf6 54. Kf2 Rd7 55. Rg1 Kf5 56. Rd1 Rd8 57. Rd5 Kf6 58. e4 Ke6 59. Nc7+ Kf6 60. Nb5 Ke6 61. Nc7+ Kf6 62. Nb5 Ke6 63. Kg2 Bxd6 64. Nxd6 Rxd6 65. Kg3 Rc6 66. Kxg4 Rc8 67. e5 Rf8 68. Rd6+ Kxe5 69. Rxb6 Kd4 70. Rb5 Kc3 71. Kg5 Rf1 72. Rxa5 Kxb3 73. Rxc5 Kxa4 74. Rc8 Rf3 75. Kg4 Rc3 76. Kf5 Kb4 77. Rb8+ 1/2-1/2

[Event "LTU-chT2"]
[Site "Lithuania"]
[Date "2010.01.31"]
[Round "6.35"]
[White "Vaznonis, Donatas"]
[Black "Jonusevicius, Audrius"]
[Result "1/2-1/2"]
[WhiteElo "2026"]
[BlackElo "2066"]
[PlyCount "75"]
[EventDate "2009.11.07"]
[EventType "team-tourn"]
[EventRounds "9"]
[EventCountry "LTU"]
[SourceTitle "EXT 2022"]
[Source "ChessBase"]
[SourceDate "2021.10.06"]
[SourceVersion "1"]
[SourceVersionDate "2021.10.06"]
[SourceQuality "1"]

1. Nf3 d5 2. d4 g6 3. c4 c6 4. Nc3 Nf6 5. cxd5 cxd5 6. Bf4 Bg7 7. e3 0-0 8. Be2 Nc6 9. h3 Qb6 10. a3 Bf5 11. Na4 Qd8 12. 0-0 Rc8 13. g4 Be4 14. Nc5 Na5 15. Nd2 b6 16. Ncxe4 Nxe4 17. Nxe4 dxe4 18. Ba6 Rc6 19. b4 Nc4 20. Qa4 Qd5 21. Bb7 b5 22. Bxc6 Qxc6 23. Qxa7 e5 24. dxe5 Bxe5 25. Rac1 Bxf4 26. exf4 Qd6 27. Rxc4 bxc4 28. Qe3 Qd3 29. Re1 c3 30. Qxe4 Qxh3 31. Qg2 Qd3 32. Qe4 Qd2 33. Re2 Qc1+ 34. Kg2 Qxa3 35. Rc2 Rb8 36. b5 Qb3 37. Qd3 Qxb5 38. Qxb5 1/2-1/2

[Event "LTU-chT2"]
[Site "Lithuania"]
[Date "2009.11.07"]
[Round "1.12"]
[White "Ziogas, Modestas"]
[Black "Vaznonis, Donatas"]
[Result "0-1"]
[WhiteElo "2040"]
[BlackElo "2026"]
[PlyCount "120"]
[EventDate "2009.11.07"]
[EventType "team-tourn"]
[EventRounds "9"]
[EventCountry "LTU"]
[SourceTitle "EXT 2022"]
[Source "ChessBase"]
[SourceDate "2021.10.06"]
[SourceVersion "1"]
[SourceVersionDate "2021.10.06"]
[SourceQuality "1"]

1. e4 e6 2. d4 d5 3. Nc3 Nf6 4. Bg5 Be7 5. exd5 Nxd5 6. Nxd5 Bxg5 7. Nc3 0-0 8. Nf3 Bf6 9. Bd3 c5 10. Ne2 Nc6 11. dxc5 Bxb2 12. Rb1 Bf6 13. 0-0 Qd5 14. Ng3 Qxc5 15. Rb5 Qe7 16. h4 g6 17. h5 b6 18. Ne4 Ba6 19. hxg6 fxg6 20. Nxf6+ Qxf6 21. Rb3 Bxd3 22. Qxd3 Rad8 23. Qe3 Nd4 24. Nxd4 Rxd4 25. Re1 Rd6 26. Rc3 Rfd8 27. Rc7 R8d7 28. Rc8+ Kg7 29. g3 Rd1 30. Kg2 Rxe1 31. Qxe1 e5 32. Qc3 Rf7 33. Qe3 e4 34. Rc3 Qf3+ 35. Qxf3 exf3+ 36. Kh3 a5 37. g4 h5 38. Rc6 Rf6 39. Rc7+ Kh6 40. gxh5 gxh5 41. Kg3 Kg6 42. c4 Kg5 43. c5 bxc5 44. Rxc5+ Rf5 45. Rc4 Kf6 46. Kh4 Ke6 47. Kg3 Kd5 48. Rc8 Ke4 49. Rc4+ Kd3 50. Rc8 Kd2 51. Rc7 Kd1 52. Rc8 Kd2 53. Rc7 a4 54. Ra7 h4+ 55. Kxh4 Ke2 56. Kg4 Rf8 57. Rc7 Kxf2 58. Rc2+ Kg1 59. Rc3 Kg2 60. a3 Rg8+ 0-1

[Event "Plunge op 29th"]
[Site "Plunge"]
[Date "2009.07.18"]
[Round "5"]
[White "Vaznonis, Donatas"]
[Black "Stremavicius, Titas"]
[Result "1/2-1/2"]
[WhiteElo "2018"]
[BlackElo "1791"]
[PlyCount "89"]
[EventDate "2009.07.15"]
[EventType "swiss"]
[EventRounds "7"]
[EventCountry "LTU"]
[SourceTitle "EXT 2012"]
[Source "ChessBase"]
[SourceDate "2011.11.24"]
[SourceVersion "1"]
[SourceVersionDate "2011.11.24"]
[SourceQuality "1"]

1. c4 Nf6 2. g3 g6 3. Bg2 Bg7 4. Nc3 c5 5. a3 Nc6 6. Rb1 0-0 7. b4 cxb4 8. axb4 e6 9. b5 Ne7 10. Ba3 d6 11. Nf3 Re8 12. 0-0 d5 13. c5 Bd7 14. Ne5 Qc7 15. d4 Nh5 16. Nxd7 Qxd7 17. e3 a6 18. Qb3 Reb8 19. Rfc1 Bf8 20. Bf1 axb5 21. Bxb5 Qc7 22. Be2 Nf6 23. Nb5 Qd7 24. Nd6 Nc6 25. Bb5 Ne8 26. Nxe8 Qxe8 27. Bb4 Nxd4 28. Bxe8 Nxb3 29. Bxf7+ Kxf7 30. Rxb3 Rc8 31. Rcb1 Rc7 32. Bc3 Bxc5 33. Rxb7 Rac8 34. Be5 Re7 35. Rxe7+ Bxe7 36. Rb7 g5 37. g4 Re8 38. Kf1 Kg6 39. Ke2 h5 40. h3 hxg4 41. hxg4 Bf6 42. Bxf6 Kxf6 43. f4 Rh8 44. Rd7 Rh3 45. Kf2 1/2-1/2

[Event "Plunge op 29th"]
[Site "Plunge"]
[Date "2009.07.17"]
[Round "4"]
[White "Velioniskis, Robertas"]
[Black "Vaznonis, Donatas"]
[Result "1/2-1/2"]
[WhiteElo "1873"]
[BlackElo "2018"]
[PlyCount "24"]
[EventDate "2009.07.15"]
[EventType "swiss"]
[EventRounds "7"]
[EventCountry "LTU"]
[SourceTitle "EXT 2012"]
[Source "ChessBase"]
[SourceDate "2011.11.24"]
[SourceVersion "1"]
[SourceVersionDate "2011.11.24"]
[SourceQuality "1"]

1. e4 e6 2. Qe2 c5 3. f4 Nc6 4. Nf3 g6 5. c3 Bg7 6. g3 Nge7 7. Bg2 d5 8. d3 b6 9. e5 Ba6 10. a4 Na5 11. Nbd2 c4 12. dxc4 Bxc4 1/2-1/2

[Event "Plunge op 29th"]
[Site "Plunge"]
[Date "2009.07.16"]
[Round "3"]
[White "Vaznonis, Donatas"]
[Black "Jegorovas, Aleksandras"]
[Result "1/2-1/2"]
[WhiteElo "2018"]
[BlackElo "2322"]
[PlyCount "42"]
[EventDate "2009.07.15"]
[EventType "swiss"]
[EventRounds "7"]
[EventCountry "LTU"]
[SourceTitle "EXT 2012"]
[Source "ChessBase"]
[SourceDate "2011.11.24"]
[SourceVersion "1"]
[SourceVersionDate "2011.11.24"]
[SourceQuality "1"]

1. c4 Nf6 2. g3 e6 3. Bg2 d5 4. Nf3 Be7 5. 0-0 0-0 6. b3 b6 7. Bb2 Bb7 8. e3 c5 9. Nc3 Nc6 10. cxd5 Nxd5 11. Nxd5 Qxd5 12. d4 Na5 13. dxc5 bxc5 14. Bc3 Bd8 15. Nh4 Qxd1 16. Rfxd1 Bxg2 17. Nxg2 Nc6 18. Nf4 a5 19. Nd3 Be7 20. Nb2 Ra7 21. Rac1 h5 1/2-1/2

[Event "Radviliskis op"]
[Site "Radviliskis"]
[Date "2009.07.03"]
[Round "3"]
[White "Vaznonis, Donatas"]
[Black "Narmontas, Matas"]
[Result "0-1"]
[WhiteElo "2018"]
[BlackElo "2384"]
[PlyCount "60"]
[EventDate "2009.07.02"]
[EventType "swiss"]
[EventRounds "7"]
[EventCountry "LTU"]
[SourceTitle "EXT 2023"]
[Source "ChessBase"]
[SourceDate "2022.10.05"]
[SourceVersion "1"]
[SourceVersionDate "2022.10.05"]
[SourceQuality "1"]

1. c4 e5 2. g3 Nc6 3. Bg2 f5 4. Nc3 Nf6 5. d3 g6 6. e4 d6 7. Nge2 Bg7 8. Nd5 Ne7 9. 0-0 0-0 10. Nxe7+ Qxe7 11. exf5 gxf5 12. d4 Be6 13. b3 c5 14. dxc5 dxc5 15. Bg5 Rad8 16. Qc2 h6 17. Bh4 Qf7 18. Nc3 Rd4 19. Nb5 Rd7 20. Nxa7 e4 21. Rad1 Ng4 22. Nb5 Ne5 23. f3 exf3 24. Bxf3 Nxf3+ 25. Rxf3 Qh5 26. Rdf1 f4 27. Rxf4 Rxf4 28. Rxf4 Bh3 29. Nc3 Bxc3 30. Qxc3 Qd1+ 0-1

[Event "LTU-chT1 4th 0809 pre group A"]
[Site "Lithuania"]
[Date "2009.01.11"]
[Round "5.1"]
[White "Jocys, Dalius"]
[Black "Vaznonis, Donatas"]
[Result "1-0"]
[WhiteElo "2211"]
[BlackElo "2010"]
[PlyCount "61"]
[EventDate "2008.11.08"]
[EventType "team-tourn"]
[EventRounds "5"]
[EventCountry "LTU"]
[SourceTitle "EXT 2024"]
[Source "ChessBase"]
[SourceDate "2023.10.10"]
[SourceVersion "1"]
[SourceVersionDate "2023.10.10"]
[SourceQuality "1"]
[WhiteTeam "Kretinga Akmena"]
[BlackTeam "Kaunas AG"]
[WhiteTeamCountry "LTU"]
[BlackTeamCountry "LTU"]

1. Nf3 Nf6 2. c4 e6 3. g3 d5 4. Bg2 dxc4 5. Qa4+ c6 6. Qxc4 b5 7. Qc2 Bb7 8. 0-0 Nbd7 9. d3 Be7 10. Nbd2 Rc8 11. b3 0-0 12. Bb2 c5 13. a4 a6 14. axb5 axb5 15. Qc3 b4 16. Qc2 Nd5 17. Nc4 Qc7 18. Nfe5 Ra8 19. Nxd7 Qxd7 20. Rxa8 Bxa8 21. Ra1 Bc6 22. d4 Bb5 23. Be4 Nf6 24. dxc5 Nxe4 25. Qxe4 Qd5 26. Qxd5 exd5 27. Nb6 Bxe2 28. Re1 Bxc5 29. Nd7 Bf3 30. Nxc5 h5 31. Re3 1-0

[Event "Kaunas Taure"]
[Site "Kaunas"]
[Date "2008.08.01"]
[Round "9.16"]
[White "Vaznonis, Donatas"]
[Black "Stauskas, Adolfas"]
[Result "1-0"]
[WhiteElo "2010"]
[BlackElo "1791"]
[PlyCount "85"]
[EventDate "2008.07.24"]
[EventType "swiss"]
[EventRounds "9"]
[EventCountry "LTU"]
[SourceTitle "EXT 2024"]
[Source "ChessBase"]
[SourceDate "2023.10.10"]
[SourceVersion "1"]
[SourceVersionDate "2023.10.10"]
[SourceQuality "1"]

1. e4 e6 2. d4 d5 3. e5 c5 4. c3 Nc6 5. Nf3 Qb6 6. a3 a5 7. Bd3 c4 8. Bc2 Nge7 9. 0-0 Bd7 10. Nbd2 Qc7 11. Re1 b5 12. b3 cxb3 13. Nxb3 Ng6 14. h4 a4 15. Nbd2 Na5 16. h5 Ne7 17. Nf1 f6 18. h6 0-0-0 19. Ng3 f5 20. Nh5 gxh6 21. Rb1 Ng8 22. g3 Be8 23. Nf6 Bc6 24. Bd3 Nc4 25. Bf4 Nxa3 26. Rb2 Nc4 27. Bxc4 dxc4 28. d5 Bxd5 29. Nd4 Bc6 30. Qb1 Rxd4 31. cxd4 Qa5 32. Bd2 Qa8 33. Rxb5 Nxf6 34. exf6 Kd7 35. Bf4 Bd6 36. Bxd6 Kxd6 37. Qb4+ Kc7 38. Qe7+ Kc8 39. Qxe6+ Kc7 40. Qe7+ Kc8 41. Rc5 Rd8 42. Re6 Rxd4 43. Rexc6+ 1-0

[Event "Kaunas Taure"]
[Site "Kaunas"]
[Date "2008.07.31"]
[Round "8.15"]
[White "Stremavicius, Titas"]
[Black "Vaznonis, Donatas"]
[Result "1/2-1/2"]
[WhiteElo "1786"]
[BlackElo "2010"]
[PlyCount "69"]
[EventDate "2008.07.24"]
[EventType "swiss"]
[EventRounds "9"]
[EventCountry "LTU"]
[SourceTitle "EXT 2024"]
[Source "ChessBase"]
[SourceDate "2023.10.10"]
[SourceVersion "1"]
[SourceVersionDate "2023.10.10"]
[SourceQuality "1"]

1. c4 e6 2. g3 d5 3. cxd5 exd5 4. Bg2 Nf6 5. Nc3 c6 6. d3 d4 7. Ne4 Nxe4 8. Bxe4 Be6 9. Bg2 Bb4+ 10. Bd2 Bxd2+ 11. Qxd2 0-0 12. Nf3 Bd5 13. 0-0 Na6 14. a3 Nc5 15. Qc2 Nb3 16. Rae1 Re8 17. e4 dxe3 18. Rxe3 Rxe3 19. fxe3 Qb6 20. Qf2 Bxf3 21. Bxf3 Rf8 22. Kg2 Nc5 23. d4 Ne6 24. Bg4 Qd8 25. Bxe6 fxe6 26. Qxf8+ Qxf8 27. Rxf8+ Kxf8 28. Kf3 Ke7 29. Ke4 Kd6 30. b4 e5 31. dxe5+ Ke6 32. g4 b6 33. Kd4 g6 34. g5 Ke7 35. Ke4 1/2-1/2

[Event "Kaunas Taure"]
[Site "Kaunas"]
[Date "2008.07.29"]
[Round "6.14"]
[White "Vaznonis, Donatas"]
[Black "Giedraityte, Ausra"]
[Result "0-1"]
[WhiteElo "2010"]
[BlackElo "1756"]
[PlyCount "94"]
[EventDate "2008.07.24"]
[EventType "swiss"]
[EventRounds "9"]
[EventCountry "LTU"]
[SourceTitle "EXT 2024"]
[Source "ChessBase"]
[SourceDate "2023.10.10"]
[SourceVersion "1"]
[SourceVersionDate "2023.10.10"]
[SourceQuality "1"]

1. Nf3 d5 2. c4 e6 3. g3 Nf6 4. Bg2 c6 5. 0-0 dxc4 6. a4 Be7 7. Na3 0-0 8. Nxc4 Nbd7 9. d4 Re8 10. Bf4 Nf8 11. a5 Ng6 12. Nfe5 Nxf4 13. gxf4 Nd5 14. e3 c5 15. dxc5 Bxc5 16. Qa4 Qe7 17. Rfd1 Rd8 18. Rac1 Bd7 19. Nxd7 Rxd7 20. Ne5 Rdd8 21. a6 Rac8 22. axb7 Qxb7 23. Qa5 Bb6 24. Qb5 Rxc1 25. Rxc1 Nc7 26. Qc4 Nd5 27. Qc6 Qe7 28. Rd1 Nf6 29. Rxd8+ Qxd8 30. Bf3 h6 31. Qb7 Qc7 32. Qa8+ Qd8 33. Kf1 Qxa8 34. Bxa8 Kf8 35. Ke2 Ke7 36. Kd3 Nd7 37. Nc4 Bc7 38. b4 Nb6 39. Ne5 Bxe5 40. fxe5 Nxa8 41. Kc4 a6 42. Kc5 Kd7 43. f4 Kc7 44. h4 Nb6 45. e4 g6 46. h5 gxh5 47. f5 Na8 0-1